17 Mars 2025 | Astronomie - Statistiques

Statistiques générales
  • Ce quiz a été pris 146 fois
  • Le résultat moyen est 9 sur 15
Statistiques - réponses
Question Réponse % Correct
Quelle planète est connue comme la "planète rouge" ? Mars
100%
Quel objet céleste est connu pour ses anneaux ? Saturne
95%
Quel est le nom donné au satellite naturel de la Terre ? Lune
94%
Quel est le plus grand astre du système solaire ? Soleil
94%
Quel est le nom de notre galaxie ? Voie lactée
93%
Combien de planètes composent notre système solaire ? 8
86%
Quel est le phénomène où un objet céleste bloque la lumière d'un autre ? Éclipse
73%
Quel type de galaxie est la Voie lactée ? Galaxie spirale
47%
Quelle étoile est la plus proche de la Terre ? ( Hors Soleil ) Proxima du Centaure
47%
Quel est le plus grand satellite naturel de Saturne ? Titan
43%
Quel phénomène lumineux se produit lorsque les particules solaires interagissent avec l'atmosphère ? Aurore Boréale
38%
Quel est le nom de la région d'astéroïdes située entre Mars et Jupiter ? Ceinture d'astéroïdes
38%
Quel astrologue a proposé les lois du mouvement planétaire Johannes Kepler
35%
Comment appelle-t-on un télescope placé dans l'espace ? Télescope spatial
21%
Quel est le nom des millions d'étoiles regroupées dans un cluster ? Amas d'étoiles
7%
Aucun quiz correspondant
Distribution des résultats
% des personnes avec chaque résultat
Percentile par nombre de réponses
Votre historique - résultats
Vous n’avez pas pris ce quiz